| 000 | 00858nam a2200253 a 4500 | ||
|---|---|---|---|
| 999 |
_c429434 _d429434 |
||
| 003 | BLK | ||
| 005 | 20241011125723.0 | ||
| 008 | 210821b bu |||||r|||| 00| | bu d | ||
| 040 | _aBLK | ||
| 041 |
_aFRE _cFRE |
||
| 080 |
_aПиеси за музикален театър. Либрета _b82-293 _z82-293 |
||
| 100 |
_aWeber, Carl Maria von _9387499 |
||
| 139 | _aWeber, Carl Maria von | ||
| 245 |
_aLe Freyschütz _bopéra romantique en trois actes _cCarl Maria von Weber; Emilien Pacini |
||
| 250 | _a6e éd | ||
| 260 |
_9462955 _a Paris _bJonas _c1877 |
||
| 300 |
_a16 с. _c24 см |
||
| 380 | _aX | ||
| 490 |
_9435080 _aКолекция Редки и ценни издания |
||
| 700 |
_9653 _aPacini, Emilien _eлибрето |
||
| 852 |
_aРф 877 _bРц |
||
| 942 |
_cKNG _n0 _s1 |
||
| 944 |
_aCR _c2021-08-21 _k30550 _lКети Илиева |
||